| 000 | 00772nam a22002297a 4500 | ||
|---|---|---|---|
| 003 | dpl | ||
| 005 | 20170124110313.0 | ||
| 008 | 161012b xxu||||| |||| 00| 0 eng d | ||
| 010 | _a806429 | ||
| 035 | _a806429 | ||
| 037 | _bCen Lib / Ret | ||
| 040 |
_aDPL _bEN _cTIT |
||
| 082 |
_a015.3 _bGUI |
||
| 245 |
_aGuide to Indian periodical literature : _bsocial sciences and humanities / |
||
| 260 |
_aGurgaon _bIndian Documentation Service |
||
| 270 |
_aIndian Documentation Service _bGurgaon |
||
| 300 |
_av 5 pt 1. (xvii, 300) : v10 (various pages) _c27cm(Hb) |
||
| 650 | _aIndic periodicals -- Indexes. | ||
| 650 | _aSocial sciences -- Periodicals -- Indexes. | ||
| 650 | _aHumanities -- Periodicals -- Indexes. | ||
| 942 |
_2ddc _cEN _h015.3 _mGUI |
||
| 999 |
_c137048 _d137048 |
||